Povídání o pejskovi a kočičce /
Jak spolu hospodařili a ještě o všelijakých jiných věcech. Veselá vyprávění o dvou nerozlučných kamarádech, která potěšila již několik generací čtenářů. Povídání o tom, jak pejsek a kočička myli podlahu, jak pekli dort nebo o tom, jak si pejsek roztrhl kalhoty a kočička mu je zašila dešťovkou, si čí...
Uloženo v:
| Hlavní autor: | |
|---|---|
| Médium: | E-kniha |
| Jazyk: | Czech |
| Vydáno: |
Praha :
Saga Egmont,
2022
|
| Tagy: |
Žádné tagy |
| LEADER | 01463nam a22002297i 4500 | ||
|---|---|---|---|
| 001 | 312011 | ||
| 007 | ta | ||
| 008 | 260601s2022 xr ||||| |||| 00| 0 cze d | ||
| 020 | |a 9990003809117 | ||
| 044 | |a xr | ||
| 100 | 1 | |a Čapek, Josef |4 aut | |
| 245 | 1 | 0 | |a Povídání o pejskovi a kočičce / |c Čapek, Josef |
| 264 | 1 | |a Praha : |b Saga Egmont, |c 2022 | |
| 300 | |a 1 online zdroj (68 stran) | ||
| 336 | |a text |b txt |2 rdacontent | ||
| 337 | |a bez média |b n |2 rdamedia | ||
| 338 | |a online zdroj |b cr |2 rdacarrier | ||
| 520 | 2 | |a Jak spolu hospodařili a ještě o všelijakých jiných věcech. Veselá vyprávění o dvou nerozlučných kamarádech, která potěšila již několik generací čtenářů. Povídání o tom, jak pejsek a kočička myli podlahu, jak pekli dort nebo o tom, jak si pejsek roztrhl kalhoty a kočička mu je zašila dešťovkou, si čítávali už prarodiče dnešních dětí. Autorův laskavý humor, kterým si bere na mušku drobné dětské nectnosti, jeho vcítění do dětského myšlení a krásný vroucný jazyk tvoří tuto milou knížku nesmrtelnou. | |
| 910 | |a RBIT002 | ||
| 998 | |d 380911 |a https://core.palmknihy.cz/api/books/380911/cover?s5nmmn |b https://core.palmknihy.cz/api/books/380911/cover/400?s5nmmn |c https://core.palmknihy.cz/api/books/380911/cover/50?s5nmmn |e |g 68 |i 9990003809117 |j https://core.palmknihy.cz/api/books/380911/preview.epub |l |q 49 |r 1 |s https://www.palmknihy.cz/kniha/380911 |t ebook |y 2022 |z 1 | ||
| 999 | |d 312009 | ||